LEADER 01332nam2-2200409---450- 001 990003166440203316 005 20081028103449.0 010 $a960-7036-61-1 035 $a000316644 035 $aUSA01000316644 035 $a(ALEPH)000316644USA01 035 $a000316644 100 $a20081028d1996----km-y0itay50------ba 101 $agre 102 $aDE 105 $a||||||||001yy 200 1 $a<<2.>> : <> Tierstatuetten aus metall$fWolfgang Schurmann 210 $aAthenai$cArchaiologiki Etaireia Athinon$dcopyr. 1996 215 $aXVI, 243 p., 64 p. di tav.$cill.$d28 cm 225 2 $aBibliothek der archäologischen Gesellschaft zu Athen$v159 410 0$12001$aBibliothek der archäologischen Gesellschaft zu Athen$v159 454 1$12001 461 1$1001000316643$12001 510 1 $a<> iero tou Erme kai tes Aphrodites ste Syme Biannou 606 0 $aKato Syme$xSantuario di Hermes e Afrodite 606 0 $aAnimali nell'arte$xCatalogo 676 $a939.18 700 1$aSCHURMANN,$bWolfgang$0173629 801 0$aIT$bsalbc$gISBD 912 $a990003166440203316 951 $aI T SYM 1$b6983 DBC$cI T 959 $aBK 969 $aDBC 979 $aDBC$b90$c20081028$lUSA01$h1032 979 $aDBC$b90$c20081028$lUSA01$h1034 996 $aTierstatuetten aus metall$91014360 997 $aUNISA LEADER 01780nam2 22003613i 450 001 VAN0240933 005 20221118115435.564 017 70$2N$a9783030632458 100 $a20220221d2021 |0itac50 ba 101 $aeng 102 $aCH 105 $a|||| ||||| 200 1 $aˆ<<‰Nanosensors for Environment, Food and Agriculture>> 1$feditors Vineet Kumar ... [et al.] 210 $aCham$cSpringer$d2021 215 $aXIV, 265 p.$cill.$d24 cm 410 1$1001VAN0237443$12001 $aEnvironmental Chemistry for a Sustainable World$1210 $aCham, Singapore$cSpringer$v60 461 1$1001VAN0240932$12001 $aNanosensors for Environment, Food and Agriculture$feditors Vineet Kumar ... [et al.]$1210 $aCham$cSpringer$1215 $avolumi$cill.$d24 cm$v1 620 $aCH$dCham$3VANL001889 676 $a668.4192$cTecnologia dei rifiuti$v22 676 $a630$cAgricoltura e tecnologie connesse$v22 676 $a570$cBiologia - Scienze della vita$v22 676 $a620.5$cNanotecnologia$v22 676 $a363.73$cInquinamento generale$v22 702 1$aKumar$bVineet$3VANV196172 712 $aSpringer$3VANV108073$4650 801 $aIT$bSOL$c20221125$gRICA 856 4 $uhttps://link.springer.com/book/10.1007/978-3-030-63245-8$zE-book - Accesso al full-text attraverso riconoscimento IP di Ateneo, proxy e/o Shibboleth 899 $aBIBLIOTECA DEL DIPARTIMENTO DI SCIENZE E TECNOLOGIE AMBIENTALI BIOLOGICHE E FARMACEUTICHE$1IT-CE0101$2VAN17 912 $fN 912 $aVAN0240933 950 $aBIBLIOTECA DEL DIPARTIMENTO DI SCIENZE E TECNOLOGIE AMBIENTALI BIOLOGICHE E FARMACEUTICHE$d17CONS e-book 2224 $e17BIB2224/245 245 20220221 996 $aNanosensors for Environment, Food and Agriculture 1$92598066 997 $aUNISOB